00787nam a22002057a 4500999001900000005001700019010001500036020003000051035001400081037001300095082000800108100002300116245013100139260004500270270006500315300002400380500003700404942002200441952011800463 c167328d16732820220217145922.0 aENG-126352 a978-0-19-949373-9c995.00 aEN-109884 bDBAD/PUB a950 aAlexander,Colin R. aAdministering Colonialism and War: bThe Political Life of Sir Andrew Clow of the Indian Civil Service/cby Colin R. Alexander aNew DelhibOxford University Pressc2019 bNew Delhie110002a2/11 Ground Floor, Ansari Road, Daryaganj axiii250p.c22cm(hb) aIncludes index and bibliography. 2ddccENh950mALE 001040708NFICaAVbAVd2019-08-28eDBAD/PUBg995.00l0o950 ALEpEN-109884r2019-08-28 00:00:00t1v995.00yEN